| 000 -LEADER |
| fixed length control field |
00689nam a22001937a 4500 |
| 005 - DATE AND TIME OF LATEST TRANSACTION |
| control field |
20240422112924.0 |
| 008 - FIXED-LENGTH DATA ELEMENTS--GENERAL INFORMATION |
| fixed length control field |
240422s2004 enk||||| |||| 00| 0 eng d |
| 020 ## - INTERNATIONAL STANDARD BOOK NUMBER |
| International Standard Book Number |
9780443072895x |
| 041 ## - LANGUAGE CODE |
| Language code of text/sound track or separate title |
eng |
| 080 ## - UNIVERSAL DECIMAL CLASSIFICATION NUMBER |
| Universal Decimal Classification number |
616.21 T-42 |
| 245 ## - TITLE STATEMENT |
| Title |
Textbook of Adult Emergency Medicine / |
| Statement of responsibility, etc. |
Edited P. Cameron, G. Jelinek, A.-M. Kelly, |
| 250 ## - EDITION STATEMENT |
| Edition statement |
Second edition |
| 264 ## - PRODUCTION, PUBLICATION, DISTRIBUTION, MANUFACTURE, AND COPYRIGHT NOTICE |
| Place of production, publication, distribution, manufacture |
Edinburgh : |
| Name of producer, publisher, distributor, manufacturer |
Churchill Livingstone, |
| Date of production, publication, distribution, manufacture, or copyright notice |
2004. |
| 300 ## - PHYSICAL DESCRIPTION |
| Extent |
934 p.: |
| Other physical details |
ill.; |
| Dimensions |
28 cm. |
| 700 ## - ADDED ENTRY--PERSONAL NAME |
| Personal name |
Cameron, P. |
| Relator term |
რედაქტორი |
| 9 (RLIN) |
21898 |
| 700 ## - ADDED ENTRY--PERSONAL NAME |
| Personal name |
Jelinek, G. |
| Relator term |
რედაქტორიi |
| 9 (RLIN) |
21899 |
| 700 ## - ADDED ENTRY--PERSONAL NAME |
| Personal name |
Kelly, A.-M. and other |
| Relator term |
რედაქტორი |
| 9 (RLIN) |
21900 |
| 942 ## - ADDED ENTRY ELEMENTS (KOHA) |
| Source of classification or shelving scheme |
|
| Koha item type |
წიგნი |